02902cam a22003495a 45000010008000000030009000080050017000170080041000340200019000750400034000940820020001281000042001482450039001902500027002292640052002563000046003083360026003543370028003803380027004084900039004355040051004745050151005255201430006766500030021066510010021366530028021466550024021749420028021989990017022269520141022439520168023842332821EG-ScBUE20220410102705.0820810r20131983enk f b 001 0 eng d a9780521294140  aDLCbengerdacDLCdEG-ScBUE 04222a401.41bLEV1 aLevinson, Stephen C.,eauthor.94051110aPragmatics /cStephen C. Levinson. aTwenty-third printing. 1aCambridge :bCambridge University Press,c2013. axvi, 420 pages :billustrations ;c24 cm. 2rdacontentatextbtxt 2rdamediaaunmediatedbn 2rdacarrieravolumebnc0 aCambridge textbooks in linguistics aIncludes bibliographical references and index. aThe scope of pragmatics -- Deixis -- Conversational implicature -- Presupposition -- Speech acts -- Conversational structure -- Conclusions. aThose aspects of language use that are crucial to an understanding of language as a system, and especially to an understanding of meaning, are the acknowledged concern of linguistic pragmatics. Yet until now much of the work in this field has not been easily accessible to the student, and was often written at an intimidating level of technicality. In this textbook, however, Dr Levinson has provided a lucid and integrative analysis of the central topics in pragmatics - deixis, implicature, presupposition, speech acts, and conversational structure. A central concern of the book is the relation between pragmatics and semantics, and Dr Levinson shows clearly how a pragmatic approach can resolve some of the problems semantics have been confronting and simplifying semantic analyses. The complexity of these issues is not disguised, but the exposition is always clear and supported by helpful exemplification. The detailed analyses of selected topics give the student a clear view of the empirical rigour demanded by the study of linguistic pragmatics, but Dr Levinson never loses sight of the rich diversity of the subject. An introduction and conclusion relate pragmatics to other fields in linguistics and other disciplines concerned with language usage - psychology, philosophy, anthropology and literature. Many students in these disciplines, as well as students of linguistics, will find this a valuable textbook.  7aPragmatics.2BUEsh937316 2BUEsh cJuly2016cSeptember2016 vReading book934232 2ddce22k401.41 LEVcBB c22058d22030 00102ddc40708BaccahaMAINbMAINc2NDd2016-07-28ePurchaseg467.00h25868l0o401.41 LEVp000033065r2025-07-15 00:00:00v584.00yBB 00102ddc40708BaccahaMAINbMAINc2NDd2016-09-04ePurchaseg496.00h26103l1m9o401.41 LEVp000033529r2025-07-15 00:00:00s2017-12-20v620.00w2016-09-04yBB